<?xml version="1.0" encoding="UTF-8"?>
<record
    xmlns:xsi="http://www.w3.org/2001/XMLSchema-instance"
    xsi:schemaLocation="http://www.loc.gov/MARC21/slim http://www.loc.gov/standards/marcxml/schema/MARC21slim.xsd"
    xmlns="http://www.loc.gov/MARC21/slim">

  <leader>00812nam a22001577a 4500</leader>
  <controlfield tag="003">OSt</controlfield>
  <controlfield tag="005">20151007104137.0</controlfield>
  <controlfield tag="008">151007b        xxu||||| |||| 00| 0 eng d</controlfield>
  <datafield tag="040" ind1=" " ind2=" ">
    <subfield code="c">RUA</subfield>
  </datafield>
  <datafield tag="082" ind1=" " ind2=" ">
    <subfield code="a">AVM MOM 2006 B078 Or.1</subfield>
  </datafield>
  <datafield tag="100" ind1=" " ind2=" ">
    <subfield code="9">2253</subfield>
    <subfield code="a">MOM, SOKHENG.</subfield>
  </datafield>
  <datafield tag="245" ind1=" " ind2=" ">
    <subfield code="a">Effect of fresh water spinachleaves supplement in cp concentrate on growthrate of aviant royal university of agriculture (&#x17A5;&#x1791;&#x17D2;&#x1792;&#x17B7;&#x1796;&#x179B;&#x1793;&#x17C3;&#x1780;&#x17B6;&#x179A;&#x1794;&#x1793;&#x17D2;&#x1790;&#x17C2;&#x1798;&#x179F;&#x17D2;&#x179B;&#x17BA;&#x1780;&#x178F;&#x17D2;&#x179A;&#x1780;&#x17BD;&#x1793;&#x179F;&#x17D2;&#x179A;&#x179F;&#x17CB;&#x1780;&#x17D2;&#x1793;&#x17BB;&#x1784;&#x1785;&#x17C6;&#x178E;&#x17B8;&#x1795;&#x17D2;&#x179F;&#x17C6;&#x1780;&#x17D2;&#x179A;&#x17BB;&#x1798;&#x17A0;&#x17CA;&#x17BB;&#x1793; CP &#x1791;&#x17C5;&#x179B;&#x17BE;&#x1780;&#x17B6;&#x179A;&#x179B;&#x17BC;&#x178F;&#x179B;&#x17B6;&#x179F;&#x17CB;&#x1798;&#x17B6;&#x1793;&#x17CB;&#x179F;&#x17B6;&#x1785;&#x17CB;&#x1793;&#x17C5;&#x179F;&#x17B6;&#x1780;&#x179B;&#x179C;&#x17B7;&#x1791;&#x17D2;&#x1799;&#x17B6;&#x179B;&#x17D0;&#x1799;&#x1797;&#x17BC;&#x1798;&#x17B7;&#x1793;&#x17D2;&#x1791;&#x1780;&#x179F;&#x17B7;&#x1780;&#x1798;&#x17D2;&#x1798;)</subfield>
  </datafield>
  <datafield tag="260" ind1=" " ind2=" ">
    <subfield code="a">Phnom Penh</subfield>
    <subfield code="b">RUA</subfield>
    <subfield code="c">2006</subfield>
  </datafield>
  <datafield tag="300" ind1=" " ind2=" ">
    <subfield code="a">ix, 44p.</subfield>
    <subfield code="b">ill.</subfield>
    <subfield code="c">29cm.</subfield>
  </datafield>
  <datafield tag="942" ind1=" " ind2=" ">
    <subfield code="2">ddc</subfield>
    <subfield code="c">AVM</subfield>
  </datafield>
  <datafield tag="999" ind1=" " ind2=" ">
    <subfield code="c">2123</subfield>
    <subfield code="d">2123</subfield>
  </datafield>
  <datafield tag="952" ind1=" " ind2=" ">
    <subfield code="0">0</subfield>
    <subfield code="1">0</subfield>
    <subfield code="2">ddc</subfield>
    <subfield code="4">0</subfield>
    <subfield code="6">AVM_MOM_2006_000000000000000_B078_OR_1</subfield>
    <subfield code="7">0</subfield>
    <subfield code="9">8744</subfield>
    <subfield code="a">LBB</subfield>
    <subfield code="b">LBB</subfield>
    <subfield code="c">B078</subfield>
    <subfield code="d">2015-10-07</subfield>
    <subfield code="l">2</subfield>
    <subfield code="o">AVM MOM 2006 B078 Or.1</subfield>
    <subfield code="p">RUA025180</subfield>
    <subfield code="r">2016-08-30</subfield>
    <subfield code="s">2016-07-26</subfield>
    <subfield code="w">2015-10-07</subfield>
    <subfield code="y">AVM</subfield>
  </datafield>
  <datafield tag="952" ind1=" " ind2=" ">
    <subfield code="0">0</subfield>
    <subfield code="1">0</subfield>
    <subfield code="2">ddc</subfield>
    <subfield code="4">0</subfield>
    <subfield code="6">AVM_MOM_2006_000000000000000_B078_OR_2</subfield>
    <subfield code="7">0</subfield>
    <subfield code="9">8745</subfield>
    <subfield code="a">LBB</subfield>
    <subfield code="b">LBB</subfield>
    <subfield code="c">B078</subfield>
    <subfield code="d">2015-10-07</subfield>
    <subfield code="o">AVM MOM 2006 B078 Or.2</subfield>
    <subfield code="p">RUA025084</subfield>
    <subfield code="r">2015-10-07</subfield>
    <subfield code="w">2015-10-07</subfield>
    <subfield code="y">AVM</subfield>
  </datafield>
  <datafield tag="952" ind1=" " ind2=" ">
    <subfield code="0">0</subfield>
    <subfield code="1">0</subfield>
    <subfield code="2">ddc</subfield>
    <subfield code="4">0</subfield>
    <subfield code="6">AVM_MOM_2006_000000000000000_B078_OR_3</subfield>
    <subfield code="7">0</subfield>
    <subfield code="9">8746</subfield>
    <subfield code="a">LBB</subfield>
    <subfield code="b">LBB</subfield>
    <subfield code="c">B078</subfield>
    <subfield code="d">2015-10-07</subfield>
    <subfield code="o">AVM MOM 2006 B078 Or.3</subfield>
    <subfield code="p">RUA009417</subfield>
    <subfield code="r">2015-10-07</subfield>
    <subfield code="w">2015-10-07</subfield>
    <subfield code="y">AVM</subfield>
  </datafield>
  <datafield tag="952" ind1=" " ind2=" ">
    <subfield code="0">0</subfield>
    <subfield code="1">0</subfield>
    <subfield code="2">ddc</subfield>
    <subfield code="4">0</subfield>
    <subfield code="6">AVM_MOM_2006_000000000000000_B078_OR_4</subfield>
    <subfield code="7">0</subfield>
    <subfield code="9">8747</subfield>
    <subfield code="a">LBB</subfield>
    <subfield code="b">LBB</subfield>
    <subfield code="c">B078</subfield>
    <subfield code="d">2015-10-07</subfield>
    <subfield code="l">4</subfield>
    <subfield code="o">AVM MOM 2006 B078 Or.4</subfield>
    <subfield code="p">RUA009369</subfield>
    <subfield code="r">2022-10-21</subfield>
    <subfield code="s">2022-10-14</subfield>
    <subfield code="w">2015-10-07</subfield>
    <subfield code="y">AVM</subfield>
  </datafield>
  <datafield tag="952" ind1=" " ind2=" ">
    <subfield code="0">0</subfield>
    <subfield code="1">0</subfield>
    <subfield code="2">ddc</subfield>
    <subfield code="4">0</subfield>
    <subfield code="6">AVM_MOM_2006_000000000000000_B078_OR_5</subfield>
    <subfield code="7">0</subfield>
    <subfield code="9">8748</subfield>
    <subfield code="a">LBB</subfield>
    <subfield code="b">LBB</subfield>
    <subfield code="c">B078</subfield>
    <subfield code="d">2015-10-07</subfield>
    <subfield code="l">1</subfield>
    <subfield code="o">AVM MOM 2006 B078 Or.5</subfield>
    <subfield code="p">RUA009348</subfield>
    <subfield code="r">2019-11-13</subfield>
    <subfield code="s">2019-11-06</subfield>
    <subfield code="w">2015-10-07</subfield>
    <subfield code="y">AVM</subfield>
  </datafield>
  <datafield tag="952" ind1=" " ind2=" ">
    <subfield code="0">0</subfield>
    <subfield code="1">0</subfield>
    <subfield code="2">ddc</subfield>
    <subfield code="4">0</subfield>
    <subfield code="6">AVM_MOM_2006_000000000000000_B078_OR_6</subfield>
    <subfield code="7">0</subfield>
    <subfield code="9">8749</subfield>
    <subfield code="a">LBB</subfield>
    <subfield code="b">LBB</subfield>
    <subfield code="c">B078</subfield>
    <subfield code="d">2015-10-07</subfield>
    <subfield code="l">1</subfield>
    <subfield code="o">AVM MOM 2006 B078 Or.6</subfield>
    <subfield code="p">RUA009459</subfield>
    <subfield code="r">2021-01-25</subfield>
    <subfield code="s">2021-01-13</subfield>
    <subfield code="w">2015-10-07</subfield>
    <subfield code="y">AVM</subfield>
  </datafield>
  <datafield tag="952" ind1=" " ind2=" ">
    <subfield code="0">0</subfield>
    <subfield code="1">0</subfield>
    <subfield code="2">ddc</subfield>
    <subfield code="4">0</subfield>
    <subfield code="6">AVM_MOM_2006_000000000000000_B078_OR_7</subfield>
    <subfield code="7">0</subfield>
    <subfield code="9">8750</subfield>
    <subfield code="a">LBB</subfield>
    <subfield code="b">LBB</subfield>
    <subfield code="c">B078</subfield>
    <subfield code="d">2015-10-07</subfield>
    <subfield code="o">AVM MOM 2006 B078 Or.7</subfield>
    <subfield code="p">RUA025015</subfield>
    <subfield code="r">2015-10-07</subfield>
    <subfield code="w">2015-10-07</subfield>
    <subfield code="y">AVM</subfield>
  </datafield>
  <datafield tag="952" ind1=" " ind2=" ">
    <subfield code="0">0</subfield>
    <subfield code="1">0</subfield>
    <subfield code="2">ddc</subfield>
    <subfield code="4">0</subfield>
    <subfield code="6">AVM_MOM_2006_000000000000000_B078_OR_8</subfield>
    <subfield code="7">0</subfield>
    <subfield code="9">8751</subfield>
    <subfield code="a">LBB</subfield>
    <subfield code="b">LBB</subfield>
    <subfield code="c">B078</subfield>
    <subfield code="d">2015-10-07</subfield>
    <subfield code="l">3</subfield>
    <subfield code="o">AVM MOM 2006 B078 Or.8</subfield>
    <subfield code="p">RUA025163</subfield>
    <subfield code="r">2020-01-27</subfield>
    <subfield code="s">2019-12-27</subfield>
    <subfield code="w">2015-10-07</subfield>
    <subfield code="y">AVM</subfield>
  </datafield>
  <datafield tag="952" ind1=" " ind2=" ">
    <subfield code="0">0</subfield>
    <subfield code="1">0</subfield>
    <subfield code="2">ddc</subfield>
    <subfield code="4">0</subfield>
    <subfield code="6">AVM_MOM_2006_000000000000000_B078_OR_9</subfield>
    <subfield code="7">0</subfield>
    <subfield code="9">8752</subfield>
    <subfield code="a">LBB</subfield>
    <subfield code="b">LBB</subfield>
    <subfield code="c">B078</subfield>
    <subfield code="d">2015-10-07</subfield>
    <subfield code="l">2</subfield>
    <subfield code="o">AVM MOM 2006 B078 Or.9</subfield>
    <subfield code="p">RUA025203</subfield>
    <subfield code="r">2018-11-16</subfield>
    <subfield code="s">2018-10-30</subfield>
    <subfield code="w">2015-10-07</subfield>
    <subfield code="y">AVM</subfield>
  </datafield>
</record>
